Quizzes
Events
Quiz Creation
Community
Videos
Private Events
Remove Ads
Sign In
Join for FREE
Feedback
Dark Mode
Quiz Categories
Sports
Geography
Music
Movies
Television
Just For Fun
Miscellaneous
History
Literature
Language
Science
Gaming
Entertainment
Religion
Holiday
For Kids
Quiz Lab
Recent
Popular Today
Quiz Kudos Today
Editor Picks
Curator Picks
Quizzes by...
Day
Popularity
Type
Ratings
Length
Year
Community
Subscriptions
Recent Discussions
Orange Saloon
Badges
Playlists
Quests
Create
Leaderboards
Showdown
Live 5
Trivia Bingo
Activity
Puzzle Library
Sporcle Events
Private Events
Virtual Trivia
Globe League
Become a Host
Pub Owners
SporcleCon
Opinionation
Our Games
Videos
Blog
Mobile Apps
Partnerships
Remove Ads and Go Orange
Feedback
Music
Pop Music
The Beatles
Song
Album
Lyrics
Bands
Singers
Artist
Clip
Rock
Rap
Classical
Billboard
Country Music
Kpop
Taylor Swift
Music
Pop Music
The Beatles
Song
Album
Lyrics
Bands
Singers
Artist
Clip
Rock
Rap
Classical
Billboard
Country Music
Kpop
Taylor Swift
Random Quiz
Search Sporcle
×
Quiz Lab
Quiz Lab
Music
Famous
Type in answers that appear in a list
Type in answers that appear in a list
Classic
Best Score? Go Orange.
Famous artists by obscure 80s albums Stats
Can you name the Famous artists by their forgotten 80s albums?
By
alex19
12m
50 Questions
88 Plays
88 Plays
88 Plays
Comments
Comments
Give Quiz Kudos
Give Quiz Kudos
-
- Ratings
hide this ad
Random Order
Randomize order of answers
Randomize order of answers
Replay
Link that replays current quiz
Next Quiz
Link to next quiz in quiz playlist
You Got
0%
They Got
Avg Score
25%
Avg Friend Score
Upgrade to see
Score Distribution
Jump to the score distribution portion of the page
Score
0/50
Timer
12:00
0
Plays Today
Album title
% Correct
A Kind of Magic
Queen
68.2%
It's Hard
The Who
53.4%
Crazy Nights
Kiss
53.4%
Done With Mirrors
Aerosmith
50%
Dirty Work
The Rolling Stones
48.9%
Third Stage
Boston
48.9%
Turbo
Judas Priest
44.3%
Ultimate Sin
Ozzy Osbourne
40.9%
Leather Jackets
Elton John
39.8%
Never Let Me Down
David Bowie
36.4%
Press Play
Paul McCartney
35.2%
Empire Burlesque
Bob Dylan
34.1%
Spike
Elvis Costello
34.1%
Born Again
Black Sabbath
33%
Trans
Neil Young
31.8%
Inside Information
Foreigner
30.7%
Gone Troppo
George Harrison
28.4%
Body Wishes
Rod Stewart
27.3%
Word of Mouth
The Kinks
25%
White City: A Novel
Pete Townshend
25%
Rock a Little
Stevie Nicks
23.9%
Zipper Catches Skin
Alice Cooper
22.7%
Another Ticket
Eric Clapton
22.7%
Cycles
The Doobie Brothers
20.5%
Shaken n' Stirred
Robert Plant
20.5%
Album title
% Correct
Characters
Stevie Wonder
20.5%
Death WIsh II Soundtrack
Jimmy Page
19.3%
Private Audition
Heart
18.2%
Built to Last
Grateful Dead
18.2%
Eaten Alive
Diana Ross
18.2%
The Hunter
Blondie
18.2%
Club Ninja
Blue Oyster Cult
18.2%
Zombie Birdhouse
Iggy Pop
18.2%
Life as We Know It
REO Speedwagon
15.9%
Growing up in Public
Lou Reed
15.9%
World in Motion
Jackson Browne
15.9%
Under Wraps
Jethro Tull
15.9%
Famous Last Words
Supertramp
15.9%
The Doctor
Cheap Trick
14.8%
Love All the Hurt Away
Aretha Franklin
14.8%
Balance of Power
ELO
13.6%
Earthquake Weather
Joe Strummer
13.6%
Dog Eat Dog
Joni Mitchell
13.6%
Thunder and Lightning
Thin Lizzy
12.5%
All the Good Ones Are Taken
Ian Hunter
10.2%
Law and Order
Lindsey Buckingham
10.2%
Inarticulate Speech of the Heart
Van Morrison
10.2%
Just Before the Bullets Fly
Gregg Allman
9.1%
Something to Believe In
Curtis Mayfield
6.8%
A Cappella
Todd Rundgren
5.7%
Quiz Playlist
Details
Report
Send in Message
Add To Playlist
Classic:
Type in answers that appear in a list
Random Order:
Randomize order of answers
Last Updated: Feb 16, 2017
Quiz Scoreboard
CHALLENGE
Sign Up to Join the Scoreboard
Show All
Scores
Hide
Comments
May contain spoilers
Recently Published
Billboard Blitz: Fleetwood Mac
by CooCooCachoo
Music
15s
Presidents Visiting Landmarks
by Hejman
History
7m
An Introduction to Baseball
by treessimontrees
Sports
5m
More to Explore
Quiz From the Vault
Featured Blog Post
Where Did the Easter Bunny Come From?
hide this ad
You Might Also Like...
Tags
Album Quiz
Artist Quiz
Famous Quiz
1980s
forgotten
obscure
Today's Top Quizzes in Music
Browse Music
hide this ad
Today's Top Quizzes in Famous
Browse Famous
Top Contributed Quizzes in Music
1
Taylor Swift All Songs (2024)
2
Guess the Artist- 70s Songs
3
7-to-1: Billboard Hot 100 #1 Hits of 2010s
4
Sorting Albums and Songs
5
Taylor Swift Logic Puzzle
6
KPOP LOGIC QUIZ
7
2010s Album by Cover III
8
One Thing in Common: Music
9
Guess the Taylor Swift song (Mystery Song)
10
Guess The Taylor Swift Lyrics Song #1
Explore More
Trending Topics
NBA
Kpop
Harry Potter
Marvel
Crossword
Anime
Disney
Pokémon
Song
NFL
Soccer
The Office
Puzzle
Country
WWE
hide this ad
More By:
alex19
Quiz
Plays
Rating
Category
Featured
Created
Sopranos Characters
936
3.20
Television
Dec 9, 2009
Philosophers by Works
679
4.89
History
Dec 4, 2009
Manic Street Preachers References
635
3.60
Music
Mar 5, 2010
Obscure Beatles Lyrics
593
3.83
Music
Dec 8, 2009
Best Manic Street Preachers songs
331
1.00
Music
Jan 20, 2010
Go to Creator's Profile
Score Distribution
Quiz Creator Spotlight
alex19
Follow
Send a Message
Quizzes Created
-
Created Quiz Play Count
-
More By This Creator
Popular Quizzes Today
1
Find the US States - No Outlines Minefield
2
Find the Countries of Europe - No Outlines Minefield
3
The Countries of the World
4
Find the US States
5
US States
6
Risky Map Clicking: Biggest States A-Z
7
Popular People in 1961
8
Movies - When Are They Set?
More Music Quizzes
Muse lyrics with no clues 3
Quiz Lab
Trending Quizzes
Risky Map Clicking: Least Populous States A-Z
1-10 Letter G Words
1-10 Letter F Words
Risky Map Clicking: Next State Alphabetically
Risky Map Clicking: Biggest States A-Z
Recently Updated
Leaping Animals
pecheneg
Reality TV Shows (A-Z)
bhenderson79
Rickey Henderson's Hall of Fame Teammates
pecheneg
Champions League XIs: Arsenal
pecheneg
Quick Pick: Celebrities in WWE's Hall of Fame
aduchscher
A-Z Keypad Blitz II
pecheneg
Multiple Oscar Actors
pecheneg
Mystery Phrase Blitz: Oscar 'Best Actors'
pecheneg
F. Scott Fitzgerald Novels
LTH
Pick 3 Villains
ddd62291
Trending Topics
Anime
NBA
Harry Potter
Kpop
Crossword
Marvel
Disney
Song
Pokémon
The Office
NFL
Country
Soccer
WWE
Puzzle
Your Account Isn't Verified!
In order to create a playlist on Sporcle, you need to verify the email address you used during registration. Go to your
Sporcle Settings
to finish the process.
Report this User
Report this user for behavior that violates our
Community Guidelines
.
Details:
Send Report
Go to the Sporcle.com Mobile Site →
Comments